000 00563nam a2200193 i 4500
001 58029
003 ES-MaACL
005 20230906163717.0
007 t|
008 031020s1919 fr ||||1| fre d
100 1 _aDunlop, D. N.
_946047
245 1 3 _aLa science de l'immortalitè /
_cD.N. Dunlop.
260 _a[S.n. :
_bs.l.,
_c1919] (
_eSaint Amand :
_fBussière)
300 _a119 p. ;
_c19 cm.
490 1 _aBibliothèque theosophique
830 0 _aBibliothèque theosophique
_9230458
852 _aES-MaACL
_j1676-F-8
_bR.4576
999 _c58029
_d58029